000 00654nam a2200205Ia 4500
003 GCL
008 140319s9999 xx 000 0 eng d
040 _aGCL /
_cGCL
082 0 4 _a155.8943
_bH T
100 1 _aWHEELERM, GORDON
245 1 0 _aTHE COLLECTIVE SILENCE: GERMAN IDENTITY AND THE LEGACY OF SHAME /
_cWHEELERM, GORDON
700 1 _aHEIMANNSBERG, BARBARA
700 1 _aSCHMIDT, CHRISTOPHY
700 1 _aHARRIS, CYNTHIA (TRANS)
260 _a[S.N] :
_bJOSSEY-BASS PUBLISHERS ،
_c1993
650 0 4 _aCHILDREN - GERMENY - PSYCHOLOGY
650 0 4 _aCHILDREN - GERMENY - HISTORY
650 0 4 _aNATIONL SOCIALISM PSYCHOLOGICAL
942 _2ddc
_cBK
999 _c22221
_d22221